[Event "GER-ch Blitz Women 2020"]
[Site "Magdeburg"]
[Date "2020.08.15"]
[Round "17.6"]
[White "Sieber, Fiona"]
[Black "Voicu-Jagodzinsky, Carmen"]
[Result "1/2-1/2"]
[WhiteElo "2201"]
[BlackElo "2244"]
[Annotator "TA"]
[PlyCount "125"]
[EventDate "2020.07.28"]
[EventType "tourn"]
[EventCountry "GER"]
[SourceTitle "playchess.com"]
[Source "ChessBase"]
[SourceQuality "1"]

{[%evp 19,125,44,56,54,55,54,63,27,43,20,56,46,89,82,111,-34,38,18,76,27,71,45,36,4,52,42,112,93,174,113,148,137,250,127,278,283,314,304,537,541,499,481,891,490,477,477,543,535,769,704,768,764,949,856,29984,1360,1294,783,770,770,737,529,1576,470,461,-237,-240,-829,-377,-356,-292,-390,0,-297,0,-277,-81,-85,-86,-94,-97,-77,0,0,0,0,0,0,0,0,8,0,0,0,0,0,0,0,36,0,0,0,0,0,0,0,0,0]} 1. e4 c5 2. Nf3 Nc6 3. d4 cxd4 4. Nxd4 g6 5. c4 Bg7 6. Be3 Nf6 7. Nc3 d6 8. Be2 O-O 9. O-O Bd7 10. Nb3 Na5 11. Nd2 {B38: Sicilian: Maroczy Bind with 5...Bg7 and 7...0-0.} Nc6 12. Rc1 {[#]} Be6 $146 ({Predecessor:} 12... Ne8 13. Nb3 f5 14. exf5 Bxf5 15. Qd2 Rc8 16. Rfd1 b6 17. c5 bxc5 18. Ba6 Ne5 19. Bxc8 Qxc8 {1-0 (37) Piasetski,L (2298)-Sarrazin,C (1993) Sautron 2012}) 13. Nd5 {White is slightly better.} b6 14. f4 (14. b4 {is more complex.} Bc8 15. a3 Bb7 16. Nc3 Re8 17. f3) 14... Rc8 15. b3 Bxd5 16. exd5 (16. cxd5 $6 Nb4 $11) 16... Nb8 17. Bd4 (17. g4 $16) 17... Nbd7 (17... Nxd5 $1 $15 18. Bxg7 Ne3 {[%mdl 64] Double Attack}) 18. Nf3 Qc7 (18... b5 $11) 19. Qd3 Rce8 20. Ng5 Nc5 21. Qc3 h6 22. Nf3 $36 {[%mdl 2048] White is more active.} Nce4 (22... a5 $14) 23. Qb2 $16 Kh7 (23... Qd7 $16 {keeps fighting.}) 24. Rce1 ({Better is} 24. b4 $18) 24... e6 25. dxe6 Rxe6 {[#]} (25... fxe6 $16 26. Bd3 Nc5) 26. Bd3 (26. f5 $1 $18 {[%mdl 512]} Ree8 (26... gxf5 27. Nh4) 27. Bd3) 26... Rfe8 $2 (26... Nc5 $16 27. Bc2 Qd8) 27. Bxe4 $18 Nxe4 28. Bxg7 Qc5+ $2 (28... f6 29. Rxe4 {[%mdl 64] Remove Defender} Rxe4) 29. Bd4 Qh5 30. g3 d5 (30... Qh3 $142 31. Qc2 R6e7) 31. cxd5 Qxd5 32. Ne5 f5 33. Rc1 Rd6 34. Rc7+ Kg8 35. Be3 Qb5 36. Rfc1 Nc5 37. Nc4 (37. Bxc5 $142 bxc5 {[#]} 38. Nc6 $1 {[%mdl 512]} Rd4 39. Nxd4 cxd4 40. Qxd4 Qb6 41. R1c5 Qxc5 42. Qxc5) 37... Rd7 38. Rxd7 Qxd7 39. Ne5 Qd5 40. Qd2 Qe4 41. Qf2 (41. Bxc5 $142 {Threatening mate with Ba3.} bxc5 42. Rxc5) 41... Nd3 42. Qc2 $4 {[%mdl 8192]} (42. Nxd3 $18 {is the narrow road to win.} Qxd3 43. Re1) 42... Qxe3+ $19 {[%mdl 64] Double Attack} 43. Kh1 $2 (43. Kg2 Qe4+ 44. Kg1 Qe3+ {[%mdl 64] Double Attack} 45. Kg2 Qe4+ 46. Kg1 Nxc1 47. Qxc1) 43... Qe4+ (43... Qxc1+ $142 44. Qxc1 Nxc1 45. Nxg6 Re1+ 46. Kg2 Re2+ 47. Kf1 Kg7) 44. Kg1 Qd4+ ({Not} 44... Nxe5 45. Qxe4 fxe4 46. fxe5 $11) ({Don't play} 44... Qe3+ 45. Kg2 $19) 45. Kh1 Qe4+ 46. Kg1 Qd4+ $2 ({Stronger than} 46... Nxe5 47. Qxe4 fxe4 48. fxe5 $11) (46... Nxc1 $19 47. Qxc1 Rd8) 47. Kf1 $2 {[%mdl 8192]} (47. Kh1 $1 $11 Qd5+ 48. Kg1 Nxc1 49. Qxc1) 47... Nxe5 $2 (47... Nxc1 $19 48. Qxc1 g5) 48. fxe5 $17 Qxe5 $19 {[%mdl 4096] Endgame KQR-KQR} 49. Qc4+ Kg7 50. Qc7+ Re7 (50... Kf6 $17 51. Rc6+ Kg5 52. Qxe5 Rxe5) 51. Qxe5+ $11 Rxe5 {KR-KR} 52. Rc7+ Kf6 53. Rxa7 Rc5 54. Ra6 Rc6 55. b4 g5 56. a4 Ke5 57. Ke2 Rc2+ 58. Kd3 Ra2 (58... Rxh2 {looks sharper.} 59. Rxb6 Rh3 60. Rb5+ Kf6 61. a5 Rxg3+ 62. Kc2 Ra3) 59. Rxb6 {aiming for a5.} (59. a5 $5 {[%cal Ra6b6]}) 59... Rxa4 {The position is equal.} 60. Rxh6 Rxb4 61. Rh8 Rb3+ 62. Ke2 Rb2+ 63. Ke3 {Whites escaped into a draw. Accuracy: White = 48%, Black = 30%.} 1/2-1/2

[Event "GER-ch Blitz Women 2020"]
[Site "Magdeburg"]
[Date "2020.08.15"]
[Round "17.7"]
[White "Skibbe, Diana"]
[Black "Mader, Lena"]
[Result "0-1"]
[WhiteElo "1991"]
[BlackElo "1839"]
[Annotator "NA"]
[PlyCount "58"]
[EventDate "2020.07.28"]
[EventType "tourn"]
[EventCountry "GER"]
[SourceTitle "playchess.com"]
[Source "ChessBase"]
[SourceQuality "1"]
[TimeControl "180+2"]

1. e4 {[%emt 0:00:00]} c6 {[%emt 0:00:00]} 2. d4 {[%emt 0:00:01]} d5 {[%emt 0:00:00]} 3. Nc3 {[%emt 0:00:02]} dxe4 {[%emt 0:00:02]} 4. Nxe4 {[%emt 0:00:02]} Nf6 {[%emt 0:00:01]} 5. Nxf6+ {[%emt 0:00:01]} exf6 {[%emt 0:00:01]} 6. Nf3 {[%emt 0:00:02]} Bd6 {[%emt 0:00:01]} 7. Bd3 {[%emt 0:00:04]} O-O {[%emt 0:00:02]} 8. Be3 {[%emt 0:00:03]} Be6 {[%emt 0:00:03]} 9. O-O {[%emt 0:00:07]} Re8 {[%emt 0:00:03]} 10. c4 {[%emt 0:00:02]} Nd7 {[%emt 0:00:03]} 11. d5 {[%emt 0:00:10]} cxd5 {[%emt 0:00:11]} 12. cxd5 {[%emt 0:00:01]} Bg4 {[%emt 0:00:02]} 13. h3 {[%emt 0:00:11]} Bh5 {[%emt 0:00:12]} 14. g4 {[%emt 0:00:30]} Bg6 {[%emt 0:00:01]} 15. Bxg6 {[%emt 0:00:01]} hxg6 {[%emt 0:00:01]} 16. Kg2 {[%emt 0:00:11]} Ne5 {[%emt 0:00:09]} 17. Nxe5 {[%emt 0:00:06]} Bxe5 {[%emt 0:00:01]} 18. f4 {[%emt 0:00:06]} Bxb2 {[%emt 0:00:22]} 19. Rb1 {[%emt 0:00:01]} Rxe3 {[%emt 0:00:21]} 20. Rxb2 {[%emt 0:00:01]} b6 {[%emt 0:00:01]} 21. Rd2 {[%emt 0:00:01]} Qd6 {[%emt 0:00:08]} 22. Rf3 {[%emt 0:00:07]} Rae8 {[%emt 0:00:03]} 23. Qg1 {[%emt 0:00:20]} Re2+ {[%emt 0:00:08]} 24. Rf2 {[%emt 0:00:02]} Rxd2 {[%emt 0:00:15]} 25. Rxd2 {[%emt 0:00:04]} Qxf4 {[%emt 0:00:04]} 26. Qd1 {[%emt 0:00:07]} Re3 {[%emt 0:00:15]} 27. Rf2 {[%emt 0:00:19]} Qg3+ {[%emt 0:00:09]} 28. Kf1 {[%emt 0:00:03]} Qxh3+ {[%emt 0:00:04]} 29. Kg1 {[%emt 0:00:03]} Rg3+ {[%emt 0:00:03]} 0-1

[Event "GER-ch Blitz Women 2020"]
[Site "Magdeburg"]
[Date "2020.08.15"]
[Round "17.8"]
[White "Scognamiglio, Stefanie"]
[Black "Braun, Kristin"]
[Result "0-1"]
[WhiteElo "2097"]
[BlackElo "1918"]
[Annotator "TA"]
[PlyCount "78"]
[EventDate "2020.07.28"]
[EventType "tourn"]
[EventCountry "GER"]
[SourceTitle "playchess.com"]
[Source "ChessBase"]
[SourceQuality "1"]

{[%evp 9,78,-26,-14,-49,-53,-52,-64,-71,0,0,8,2,8,13,12,0,0,-258,-112,-98,-100,-97,-76,-116,-100,-91,-102,-89,-45,-418,-428,-405,-415,-419,-404,-400,-369,-386,-398,-412,-412,-410,-410,-487,-479,-623,-612,-632,-618,-627,-608,-903,-622,-1415,-957,-1260,-760,-743,-723,-780,-743,-1045,-1044,-1364,-971,-950,-870,-814,-579,-1092,-1049]} 1. e4 c5 2. Nf3 d6 3. d4 cxd4 4. Bc4 Nc6 5. O-O Nf6 6. Qe2 {B53: Sicilian: 2...d6: Lines with Qxd4.} Bg4 7. h3 Bxf3 8. Qxf3 {[#] Black is slightly better.} Ne5 $146 (8... e5 $17) ({Predecessor:} 8... Qb6 9. Bb3 g6 10. Na3 Bg7 11. Nc4 Qc7 12. Bf4 O-O 13. Rad1 Nd7 14. a3 Rac8 {0-1 (92) Blanco Dans,M (1777)-Calonge Fabregat,M (1976) Pontevedra 2018}) 9. Bb5+ $11 Nfd7 10. Qd1 g6 11. Qxd4 Bg7 {Threatens to win with ...Nf3+!} 12. Qa4 O-O $36 {[%mdl 2048] Black has good play.} 13. f4 $2 {[%mdl 8192] [#]} (13. c3 $11) 13... Nc6 (13... Qb6+ $1 $19 14. Kh1 Nc5) 14. Bxc6 $17 Qb6+ 15. Kh1 bxc6 16. c3 Nc5 17. Qc2 Qb5 18. c4 Qb7 19. Be3 $2 {[%mdl 8192] Now White is beyond hope.} (19. Nd2 $15) 19... Qxb2 $19 20. Qxb2 Bxb2 21. Nd2 Bxa1 22. Rxa1 Nd7 23. Nb3 c5 24. Rd1 Rfb8 25. e5 Nb6 26. exd6 exd6 {Black is clearly winning.} 27. Rxd6 Nxc4 {[%mdl 64] [#] Double Attack} 28. Rd3 Nxe3 29. Rxe3 {[%mdl 4096] Endgame KRR-KRN} c4 30. Na5 Rc8 31. Nb7 Rc7 32. Nd6 Rd8 33. Nb5 Rb7 34. a4 a6 35. Nc3 Rd3 36. Re8+ Kg7 37. Ne4 c3 38. Rc8 Rb2 39. Nxc3 Rc2 {Accuracy: White = 47%, Black = 63%.} 0-1

[Event "GER-ch Blitz Women 2020"]
[Site "Magdeburg"]
[Date "2020.08.15"]
[Round "17.9"]
[White "Michna, Marta"]
[Black "Osmanodja, Filiz"]
[Result "1/2-1/2"]
[WhiteElo "2350"]
[BlackElo "2293"]
[Annotator "TA"]
[PlyCount "30"]
[EventDate "2020.07.28"]
[EventType "tourn"]
[EventCountry "GER"]
[SourceTitle "playchess.com"]
[Source "ChessBase"]
[SourceQuality "1"]

{[%evp 12,30,-1,-8,13,0,0,0,0,0,6,0,0,0,14,14,20,0,116,114,104]} 1. d4 Nf6 2. c3 g6 3. Nf3 Bg7 4. Bf4 d6 5. h3 Nbd7 6. Nbd2 O-O 7. e4 Re8 {A48: 1 d4 Nf6 2 Nf3 g6: Torre, London and Colle Systems.} 8. Be2 e5 9. dxe5 $1 dxe5 {The position is equal.} 10. Be3 {[#]} b6 $146 ({Predecessor:} 10... Qe7 11. b4 h6 12. O-O Nh5 13. Re1 Qf6 14. Qa4 Nf4 15. Bf1 Rd8 16. g3 Ne6 {0-1 (68) Batkovskyte,D (2104)-Pultinevicius,P (1879) Panevezys 2013}) 11. Qc2 Bb7 12. O-O Nh5 13. Rfe1 Nf4 14. Bf1 c5 (14... Qe7 $11 {keeps the balance.}) 15. Rad1 $16 Qc7 {Accuracy: White = 100%, Black = 88%.} 1/2-1/2